000 00301 a2200145 4500
001 60248
020 _a852100057X
040 _cAnchieta - Pituba
240 1 0 _aIntérpretes do Brasil
_lpor
245 1 0 _aIntérpretes do Brasil
300 _a1383
362 0 _a2002
650 4 _aBrasil
942 _cBK
999 _c60248
_d60248